Normal view
MARC view
Entry Personal Name
001 - CONTROL NUMBER
- control field: 64967
003 - CONTROL NUMBER IDENTIFIER
- control field: dpl
005 - DATE AND TIME OF LATEST TRANSACTION
- control field: 20240419151523.0
008 - FIXED-LENGTH DATA ELEMENTS
- fixed length control field: 240419|| aca||aabn | a|a d
040 ## - CATALOGING SOURCE
- Original cataloging agency: dpl
- Transcribing agency: dpl
100 ## - HEADING--PERSONAL NAME
- Personal name: जैन,जिनेश
670 ## - SOURCE DATA FOUND
- Source citation: Work cat.: (dpl)202231: जैन,जिनेश, मौर्य काल का स्वर्णिम युग चन्द्रगुप्त मौर्य/, 2022
